[Event "Sant Boi de Llobregat op 4th"]
[Site "Sant Boi de Llobregat"]
[Date "2023.12.05"]
[Round "6"]
[White "Prraneeth, Vuppala"]
[Black "Alinasab, Mobina"]
[Result "1-0"]
[WhiteElo "2515"]
[BlackElo "2306"]
[PlyCount "69"]
[EventDate "2023.11.30"]
[EventType "swiss"]
[EventRounds "9"]
[EventCountry "ESP"]
[SourceTitle "CB50_2023"]
[SourceDate "2023.12.13"]
[SourceVersion "1"]
[SourceVersionDate "2023.12.13"]
[SourceQuality "1"]

1. d4 Nf6 2. c4 e6 3. Nf3 Bb4+ 4. Bd2 Qe7 5. e3 0-0 6. Bd3 Bxd2+ 7. Qxd2 d6 8. Nc3 e5 9. Bc2 Bg4 10. 0-0-0 e4 11. h3 Bxf3 12. gxf3 exf3 13. Rdg1 Kh8 14. h4 c6 15. Qd1 Nh5 16. Qxf3 g6 17. Rg5 f5 18. Ne2 Nd7 19. Nf4 Nxf4 20. Qxf4 Nf6 21. h5 Ne4 22. Bxe4 fxe4 23. Qg4 Rf5 24. Rxf5 gxf5 25. Qf4 Rg8 26. h6 Rg5 27. b3 Qf6 28. c5 dxc5 29. Rh5 Rg1+ 30. Kb2 Rg4 31. Qc7 cxd4 32. Rxf5 Qxh6 33. Qe5+ Kg8 34. Qe8+ Kg7 35. Qf8+ 1-0

[Event "Sant Boi de Llobregat op 4th"]
[Site "Sant Boi de Llobregat"]
[Date "2023.12.04"]
[Round "5"]
[White "Gines Esteo, Pedro Antonio"]
[Black "Alinasab, Mobina"]
[Result "0-1"]
[WhiteElo "2471"]
[BlackElo "2306"]
[PlyCount "120"]
[EventDate "2023.11.30"]
[EventType "swiss"]
[EventRounds "9"]
[EventCountry "ESP"]
[SourceTitle "CB50_2023"]
[SourceDate "2023.12.13"]
[SourceVersion "1"]
[SourceVersionDate "2023.12.13"]
[SourceQuality "1"]

1. c4 c5 2. Nc3 Nc6 3. Nf3 g6 4. e3 Nf6 5. d4 cxd4 6. exd4 d5 7. cxd5 Nxd5 8. Qb3 e6 9. Bb5 Bg7 10. 0-0 0-0 11. Bxc6 bxc6 12. Ne4 Qb6 13. Qa4 Qb4 14. Qc2 Ne7 15. Bd2 Qb5 16. Rad1 Nf5 17. Bg5 f6 18. Bd2 Qd5 19. Bb4 Re8 20. Nc3 Qd7 21. Rfe1 Ne7 22. h4 Nd5 23. Ba5 Nxc3 24. Qxc3 Rb8 25. Bb4 Qd5 26. b3 Bd7 27. Bc5 Qh5 28. Rd3 h6 29. Qa5 Qd5 30. Qd2 g5 31. Nh2 Qf5 32. Rf3 Qg6 33. Qa5 e5 34. dxe5 fxe5 35. hxg5 hxg5 36. Rg3 e4 37. Bd4 Bh6 38. Be3 Rb5 39. Qxa7 Be6 40. Qc7 Rc8 41. Qe7 Re8 42. Qd6 Rc8 43. Rc1 Bf8 44. Qd4 Rd5 45. Qa4 Bd6 46. Nf1 Bxg3 47. Nxg3 Bf5 48. b4 Rcd8 49. Qc2 Rd3 50. Qc4+ Kh7 51. Qxc6 Rd1+ 52. Kh2 R8d6 53. Qc7+ Rd7 54. Qc6 R7d6 55. Qc7+ Bd7 56. Rxd1 Qh6+ 57. Kg1 Rxd1+ 58. Nf1 Qa6 59. Kh2 Qxf1 60. Kg3 Qe2 0-1

[Event "Titled Tuesday intern op 14th Nov Early"]
[Site "Chess.com INT"]
[Date "2023.11.14"]
[Round "3"]
[White "Alinasab, Mobina"]
[Black "Movahed, Sina"]
[Result "1-0"]
[WhiteElo "2306"]
[BlackElo "2441"]
[PlyCount "65"]
[EventDate "2023.11.14"]
[EventType "swiss (blitz)"]
[EventRounds "11"]
[EventCountry "USA"]
[SourceTitle "CB47_2023"]
[SourceDate "2023.11.22"]
[SourceVersion "1"]
[SourceVersionDate "2023.11.22"]
[SourceQuality "1"]

1. e4 c5 2. Nf3 d6 3. d4 cxd4 4. Nxd4 Nf6 5. Nc3 a6 6. Be3 Ng4 7. Bc1 Nc6 8. h3 Nf6 9. Be3 e5 10. Nf3 h6 11. Nd5 Nxd5 12. exd5 Ne7 13. c4 Ng6 14. a4 a5 15. Rc1 b6 16. Nd2 f5 17. Qh5 Qf6 18. Bxb6 Be7 19. c5 0-0 20. c6 e4 21. Nc4 Ba6 22. Qd1 f4 23. Bd4 Qf7 24. Nb6 Bxf1 25. Kxf1 Bh4 26. c7 e3 27. Nxa8 Bxf2 28. c8Q Rxc8 29. Rxc8+ Kh7 30. Bc3 Ne7 31. Rc7 Nf5 32. Qf3 Qe8 33. g4 1-0

[Event "Titled Tuesday intern op 14th Nov Early"]
[Site "Chess.com INT"]
[Date "2023.11.14"]
[Round "5"]
[White "Lobanov, Sergei"]
[Black "Alinasab, Mobina"]
[Result "1-0"]
[WhiteElo "2516"]
[BlackElo "2306"]
[PlyCount "111"]
[EventDate "2023.11.14"]
[EventType "swiss (blitz)"]
[EventRounds "11"]
[EventCountry "USA"]
[SourceTitle "CB47_2023"]
[SourceDate "2023.11.22"]
[SourceVersion "1"]
[SourceVersionDate "2023.11.22"]
[SourceQuality "1"]

1. d4 Nf6 2. c4 e6 3. Nc3 Bb4 4. e3 b6 5. Nge2 Ne4 6. Qc2 Bb7 7. a3 Bxc3+ 8. Nxc3 Nxc3 9. Qxc3 Qh4 10. b3 a5 11. Bb2 d6 12. d5 e5 13. Be2 Nd7 14. 0-0 0-0 15. b4 Nf6 16. Qc2 c6 17. dxc6 Bxc6 18. f3 Qg5 19. Qc3 Rfc8 20. Rfd1 Ne8 21. e4 Qe7 22. Qe3 Qb7 23. b5 Bd7 24. a4 Be6 25. Rac1 Rc5 26. Ba3 Rac8 27. Bxc5 Rxc5 28. Rc2 Qc7 29. Rcd2 h6 30. h3 Kf8 31. Kh1 Kg8 32. f4 exf4 33. Qxf4 f6 34. Bg4 Bxc4 35. Rc2 Bf7 36. Rxc5 Qxc5 37. Bd7 Qc2 38. Qc1 Qxa4 39. Rd2 Qxe4 40. Qd1 f5 41. Re2 Qa8 42. Re7 Nf6 43. Bc6 Qd8 44. Ra7 Kh7 45. Qd4 Bg6 46. Ra8 Qe7 47. Qxb6 Bf7 48. Qf2 Qe5 49. Ra7 Bg6 50. b6 Qa1+ 51. Kh2 Qe5+ 52. Qg3 Qb2 53. b7 Nh5 54. Qe1 f4 55. Ra8 f3 56. Bxf3 1-0

[Event "Titled Tuesday intern op 14th Nov Early"]
[Site "Chess.com INT"]
[Date "2023.11.14"]
[Round "1"]
[White "Pranesh, Munirethinam"]
[Black "Alinasab, Mobina"]
[Result "0-1"]
[WhiteElo "2519"]
[BlackElo "2306"]
[PlyCount "92"]
[EventDate "2023.11.14"]
[EventType "swiss (blitz)"]
[EventRounds "11"]
[EventCountry "USA"]
[SourceTitle "CB47_2023"]
[SourceDate "2023.11.22"]
[SourceVersion "1"]
[SourceVersionDate "2023.11.22"]
[SourceQuality "1"]

1. e4 c5 2. Nf3 d6 3. d4 cxd4 4. Nxd4 Nf6 5. Nc3 a6 6. Rg1 e5 7. Nb3 Be6 8. g4 d5 9. exd5 Nxd5 10. Nxd5 Qxd5 11. Qxd5 Bxd5 12. Be3 Nc6 13. 0-0-0 0-0-0 14. Bb6 Rd7 15. g5 Be6 16. Rxd7 Bxd7 17. Nc5 Bf5 18. Bc4 Bg6 19. Rd1 Be7 20. Bd5 Bxg5+ 21. Kb1 Bd8 22. Bxc6 Bxb6 23. Nxb7 Kc7 24. Bd5 Rb8 25. f3 Rxb7 26. Bxb7 Kxb7 27. b4 Kc6 28. a4 Bd4 29. Ka2 f5 30. Kb3 Bh5 31. Rd3 Bg1 32. c4 e4 33. b5+ Kc7 34. fxe4 fxe4 35. Rd5 Bf3 36. c5 axb5 37. axb5 e3 38. b6+ Kc6 39. Re5 e2 40. Kc4 Bf2 41. Re7 Bd5+ 42. Kd3 e1Q 43. Rxe1 Bxe1 44. Kd4 Bf2+ 45. Ke5 Bxc5 46. b7 Ba7 0-1

[Event "Titled Tuesday intern op 14th Nov Early"]
[Site "Chess.com INT"]
[Date "2023.11.14"]
[Round "2"]
[White "Tatarinov, Dmitry"]
[Black "Alinasab, Mobina"]
[Result "1-0"]
[WhiteElo "2332"]
[BlackElo "2306"]
[PlyCount "91"]
[EventDate "2023.11.14"]
[EventType "swiss (blitz)"]
[EventRounds "11"]
[EventCountry "USA"]
[SourceTitle "CB47_2023"]
[SourceDate "2023.11.22"]
[SourceVersion "1"]
[SourceVersionDate "2023.11.22"]
[SourceQuality "1"]

1. d4 Nf6 2. c4 e6 3. Nf3 d5 4. g3 Bb4+ 5. Bd2 a5 6. Bg2 c5 7. cxd5 exd5 8. 0-0 Nc6 9. dxc5 Bxc5 10. Nc3 h6 11. Rc1 Ba7 12. Nb5 Bb6 13. Bf4 0-0 14. Ne5 Nxe5 15. Bxe5 Bd7 16. Nc7 Bxc7 17. Bxc7 Qe7 18. Qd4 Rfe8 19. Rfe1 Bc6 20. Bf4 Ne4 21. Rc2 Ng5 22. Bxg5 Qxg5 23. e3 a4 24. a3 h5 25. h4 Qf5 26. Rec1 Rad8 27. Rd2 Rd7 28. Rcd1 Red8 29. Qc3 Qe6 30. Rd4 f6 31. Bf3 Qf7 32. Qc2 g6 33. Kg2 Kg7 34. Qc3 Kg8 35. b4 axb3 36. Qxb3 Kg7 37. a4 f5 38. a5 Rd6 39. Qc3 Qf6 40. Rc1 Kh6 41. Qd2 Kg7 42. Rb1 Qe7 43. Rb6 Kf7 44. Qc3 Kf8 45. a6 bxa6 46. Rxc6 1-0

[Event "Asian Games (Women)"]
[Site "Hangzhou"]
[Date "2023.09.26"]
[Round "5"]
[White "Munguntuul, Batkhuyag"]
[Black "Alinasab, Mobina"]
[Result "0-1"]
[WhiteElo "2366"]
[BlackElo "2306"]
[PlyCount "144"]
[EventDate "2023.09.24"]
[EventType "swiss (rapid)"]
[EventRounds "9"]
[EventCountry "CHN"]
[SourceTitle "EXT 2024"]
[Source "ChessBase"]
[SourceDate "2023.10.10"]
[SourceVersion "1"]
[SourceVersionDate "2023.10.10"]
[SourceQuality "1"]

1. e4 c5 2. Nf3 e6 3. d4 cxd4 4. Nxd4 a6 5. Bd3 Nf6 6. 0-0 Qc7 7. Qe2 d6 8. f4 Nbd7 9. c4 Be7 10. Nc3 0-0 11. Kh1 Re8 12. Bd2 b6 13. Rae1 g6 14. e5 Nh5 15. Be4 Bb7 16. exd6 Bxd6 17. Ndb5 axb5 18. Nxb5 Qb8 19. Bxb7 Rxa2 20. Bc6 Rd8 21. Bc3 Bxf4 22. Qf2 Nc5 23. Qf3 Rd3 24. Qf2 Rd8 25. Re2 f5 26. Bf3 Nd3 27. Qh4 Ng7 28. g3 g5 29. Qh6 Be5 30. Rxe5 Nxe5 31. Qf6 Rf8 32. Qxe5 Qxe5 33. Bxe5 Rd8 34. Na3 Rd2 35. Bc6 Kf7 36. Ba4 Ne8 37. Bb3 Raxb2 38. Bxb2 Rxb2 39. Bd1 Nd6 40. Rf3 Ra2 41. Kg1 Ra1 42. Rd3 Ke7 43. Kf2 Rc1 44. Bb3 Ne4+ 45. Kg2 Nc5 46. Rf3 Kf6 47. Bc2 g4 48. Rf2 Ra1 49. Nb5 Re1 50. Nc3 Ke5 51. Re2+ Rxe2+ 52. Nxe2 Nb7 53. Kf2 Nd6 54. Bd3 Kf6 55. Nc3 Ke5 56. Ke3 h6 57. Na4 Nc8 58. Bf1 h5 59. Bg2 h4 60. Bb7 Nd6 61. Ba6 hxg3 62. hxg3 Ne4 63. Nxb6 Nxg3 64. c5 f4+ 65. Kd3 Ne4 66. Nd7+ Kf5 67. c6 g3 68. Ke2 g2 69. c7 g1Q 70. c8Q Qf2+ 71. Kd3 Qd2+ 72. Kc4 Nd6+ 0-1

[Event "Titled Tuesday intern op 27th Jun Early"]
[Site "Chess.com INT"]
[Date "2023.06.27"]
[Round "2"]
[White "Szente Varga, Fruzsina"]
[Black "Alinasab, Mobina"]
[Result "0-1"]
[WhiteElo "2075"]
[BlackElo "2347"]
[PlyCount "98"]
[EventDate "2023.06.27"]
[EventType "swiss (blitz)"]
[EventRounds "11"]
[EventCountry "USA"]
[SourceTitle "EXT 2024"]
[Source "ChessBase"]
[SourceDate "2023.10.10"]
[SourceVersion "1"]
[SourceVersionDate "2023.10.10"]
[SourceQuality "1"]

1. e4 c5 2. Nf3 e6 3. b3 Nc6 4. Bb2 d6 5. Bb5 a6 6. Bxc6+ bxc6 7. 0-0 e5 8. Na3 g6 9. d3 Bg7 10. Nc4 Be6 11. Nfd2 Nf6 12. f4 exf4 13. Rxf4 0-0 14. Qf1 Nh5 15. Bxg7 Kxg7 16. Rf2 d5 17. Ne3 Qg5 18. Qe1 Nf4 19. Kh1 f6 20. Nf3 Qh6 21. e5 fxe5 22. Nxe5 d4 23. N3g4 Bxg4 24. Nxg4 Qg5 25. Qe5+ Qxe5 26. Nxe5 Nd5 27. Raf1 Rxf2 28. Rxf2 Re8 29. Nf3 Nc3 30. h3 Nxa2 31. Nd2 Nc3 32. Nc4 Re1+ 33. Kh2 h5 34. Na5 Nd5 35. Nxc6 h4 36. g3 hxg3+ 37. Kxg3 Ne3 38. Nd8 Rc1 39. Ne6+ Kh6 40. Nxc5 Nxc2 41. Ne6 Re1 42. Nf4 Nb4 43. Kf3 Re3+ 44. Kg4 Nxd3 45. Nd5 Nxf2+ 46. Kf4 Nxh3+ 47. Kg4 Nf2+ 48. Kf4 Rxb3 49. Ne7 a5 0-1